[Event "POL-chT 2nd League"]
[Site "Wysowa"]
[Date "2007.09.09"]
[Round "7"]
[White "Drzymala, Grzegorz"]
[Black "Mikrut, Dariusz"]
[Result "1/2-1/2"]
[WhiteElo "2050"]
[BlackElo "2418"]
[PlyCount "27"]
[EventDate "2007.09.03"]
[EventType "team-swiss"]
[EventRounds "9"]
[EventCountry "POL"]
[SourceTitle "EXT 2010"]
[Source "ChessBase"]
[SourceDate "2010.11.25"]
[SourceVersion "1"]
[SourceVersionDate "2010.11.25"]
[SourceQuality "1"]
[WhiteTeam "Wroclaw AZS Politechnika"]
[BlackTeam "Krakow TKKF Drogowiec"]
[WhiteTeamCountry "POL"]
[BlackTeamCountry "POL"]

1. e4 g6 2. d4 Bg7 3. Nc3 c5 4. dxc5 Bxc3+ 5. bxc3 Qa5 6. Bd2 Qxc5 7. Nf3 Nf6 8. Bd3 d6 9. h3 Nbd7 10. 0-0 b6 11. Re1 Bb7 12. Qe2 Rc8 13. Rab1 Qc7 14. Nd4 1/2-1/2

[Event "POL-chT 2nd League"]
[Site "Wysowa"]
[Date "2007.09.08"]
[Round "5"]
[White "Drzymala, Grzegorz"]
[Black "Shkapenko, Pavel"]
[Result "1/2-1/2"]
[WhiteElo "2050"]
[BlackElo "2402"]
[PlyCount "34"]
[EventDate "2007.09.03"]
[EventType "team-swiss"]
[EventRounds "9"]
[EventCountry "POL"]
[SourceTitle "EXT 2010"]
[Source "ChessBase"]
[SourceDate "2010.11.25"]
[SourceVersion "1"]
[SourceVersionDate "2010.11.25"]
[SourceQuality "1"]
[WhiteTeam "Wroclaw AZS Politechnika"]
[BlackTeam "Pultusk Nadnarwianka"]
[WhiteTeamCountry "POL"]
[BlackTeamCountry "POL"]

1. e4 c5 2. Nf3 e6 3. d4 cxd4 4. Nxd4 Nf6 5. Nc3 Nc6 6. Ndb5 Bb4 7. a3 Bxc3+ 8. Nxc3 d5 9. exd5 exd5 10. Bd3 0-0 11. 0-0 d4 12. Ne2 Bg4 13. Bg5 Re8 14. Re1 Qd6 15. Qd2 Bxe2 16. Bf4 Qd5 17. Bxe2 Ne4 1/2-1/2

[Event "POL-chT 2nd League"]
[Site "Wysowa"]
[Date "2007.09.03"]
[Round "1"]
[White "Drzymala, Grzegorz"]
[Black "Nurkiewicz, Maciej"]
[Result "1/2-1/2"]
[WhiteElo "2050"]
[BlackElo "2411"]
[PlyCount "83"]
[EventDate "2007.09.03"]
[EventType "team-swiss"]
[EventRounds "9"]
[EventCountry "POL"]
[SourceTitle "EXT 2010"]
[Source "ChessBase"]
[SourceDate "2010.11.25"]
[SourceVersion "1"]
[SourceVersionDate "2010.11.25"]
[SourceQuality "1"]
[WhiteTeam "Wroclaw AZS Politechnika"]
[BlackTeam "Miedzyborow Wrzos"]
[WhiteTeamCountry "POL"]
[BlackTeamCountry "POL"]

1. e4 e5 2. Nf3 Nf6 3. Nxe5 d6 4. Nf3 Nxe4 5. Nc3 Nxc3 6. dxc3 Be7 7. Be3 Nc6 8. Qd2 0-0 9. 0-0-0 Ne5 10. Nxe5 dxe5 11. Qxd8 Rxd8 12. Rxd8+ Bxd8 13. Bc4 Be7 14. f4 Bd6 15. Rf1 Be6 16. Bxe6 fxe6 17. fxe5 Bxe5 18. h3 a6 19. Bd4 Bd6 20. Kd2 e5 21. Be3 e4 22. Ke2 b5 23. b3 Rf8 24. Rxf8+ Kxf8 25. Bd2 Bc5 26. Be3 Bd6 27. Bd2 Bc5 28. Be3 Be7 29. Bf4 c6 30. Ke3 Bf6 31. c4 bxc4 32. bxc4 Kf7 33. Kxe4 Ke6 34. g4 g6 35. Be3 Bc3 36. Bd4 Bd2 37. Bg7 Bc1 38. c5 Ba3 39. Bf8 Bb2 40. Bd6 Bf6 41. Bg3 Bb2 42. c4 1/2-1/2

[Event "POL Academic Cup 2nd"]
[Site "Wroclaw"]
[Date "2007.04.29"]
[Round "3"]
[White "Krzywkowski, Marcin"]
[Black "Drzymala, Grzegorz"]
[Result "0-1"]
[WhiteElo "1723"]
[BlackElo "2072"]
[PlyCount "49"]
[EventDate "2007.04.28"]
[EventType "swiss"]
[EventRounds "9"]
[EventCountry "POL"]
[SourceTitle "EXT 2011"]
[Source "ChessBase"]
[SourceDate "2010.11.26"]
[SourceVersion "1"]
[SourceVersionDate "2010.11.26"]
[SourceQuality "1"]

1. d4 Nf6 2. c4 e6 3. Nc3 Bb4 4. a3 Bxc3+ 5. bxc3 d5 6. e3 0-0 7. Bd3 c5 8. cxd5 exd5 9. Ne2 b6 10. 0-0 Ba6 11. f3 Bxd3 12. Qxd3 Re8 13. Ng3 Nc6 14. Bb2 Na5 15. Rae1 Nc4 16. Bc1 Qc7 17. e4 cxd4 18. cxd4 Rac8 19. e5 Nd7 20. Rf2 Na5 21. Bd2 Nc4 22. Nf5 Nf8 23. f4 Qd7 24. Nh4 Qa4 25. Bc1 0-1

[Event "POL-chT 2nd League"]
[Site "Lublin"]
[Date "2006.09.09"]
[Round "8.97"]
[White "Drzymala, Grzegorz"]
[Black "Gunajew, Rafal"]
[Result "1-0"]
[WhiteElo "2004"]
[BlackElo "2266"]
[PlyCount "57"]
[EventDate "2006.09.02"]
[EventType "team-swiss"]
[EventRounds "9"]
[EventCountry "POL"]
[SourceTitle "EXT 2019"]
[Source "ChessBase"]
[SourceDate "2018.10.10"]
[SourceVersion "1"]
[SourceVersionDate "2018.10.10"]
[SourceQuality "1"]
[WhiteTeam "Wroclaw AZS Politechnika"]
[BlackTeam "Krakow KKSz"]
[WhiteTeamCountry "POL"]
[BlackTeamCountry "POL"]

1. e4 c5 2. Nf3 e6 3. d4 cxd4 4. Nxd4 Qb6 5. Nb3 d6 6. Nc3 a6 7. Bd3 Nd7 8. Be3 Qc7 9. f4 Ngf6 10. 0-0 b5 11. a3 Bb7 12. Qe2 Be7 13. Rae1 0-0 14. Kh1 e5 15. fxe5 Nxe5 16. Nd4 Rfe8 17. Nf5 Bf8 18. Bg5 Nfd7 19. Qf2 Nc5 20. Qg3 Ne6 21. Bc1 Rad8 22. Nd5 Bxd5 23. exd5 Nc5 24. Rxe5 Rxe5 25. Nh6+ Kh8 26. Nxf7+ Kg8 27. Bxh7+ Kxh7 28. Qh3+ Kg6 29. Nh8# 1-0

[Event "Kochan Memorial op-A 16th"]
[Site "Koszalin"]
[Date "2005.08.??"]
[Round "10"]
[White "Drzymala, Grzegorz"]
[Black "Jagodzinski, Waldemar"]
[Result "0-1"]
[WhiteElo "1987"]
[BlackElo "2159"]
[PlyCount "64"]
[EventDate "2005.08.??"]
[EventType "swiss"]
[EventRounds "10"]
[EventCountry "POL"]
[SourceTitle "EXT 2006"]
[Source "ChessBase"]
[SourceDate "2005.11.24"]
[SourceVersion "1"]
[SourceVersionDate "2005.11.24"]
[SourceQuality "1"]

1. e4 d6 2. d4 Nf6 3. Nc3 c6 4. Nf3 Bg4 5. Be2 e6 6. Be3 Be7 7. 0-0 d5 8. exd5 cxd5 9. Ne5 Bxe2 10. Qxe2 0-0 11. a3 Qc8 12. Qf3 Nc6 13. Qg3 Kh8 14. f4 Bd6 15. Rf3 Ne7 16. Qf2 Rb8 17. Nb5 Ne4 18. Nxa7 Qe8 19. Qe2 b5 20. a4 bxa4 21. Qa6 Rxb2 22. Rxa4 Qb8 23. Nd7 Rb1+ 24. Rf1 Rxf1+ 25. Qxf1 Qe8 26. Nxf8 Qxa4 27. Nb5 Nf5 28. Nxd6 Nfxd6 29. Qb1 Qe8 30. c4 dxc4 31. Bc1 Qxf8 32. Ba3 Qc8 0-1

[Event "Kochan Memorial op-A 16th"]
[Site "Koszalin"]
[Date "2005.08.??"]
[Round "9"]
[White "Drzymala, Grzegorz"]
[Black "Mazurkiewicz, Michal"]
[Result "0-1"]
[WhiteElo "1987"]
[BlackElo "2124"]
[PlyCount "50"]
[EventDate "2005.08.??"]
[EventType "swiss"]
[EventRounds "10"]
[EventCountry "POL"]
[SourceTitle "EXT 2006"]
[Source "ChessBase"]
[SourceDate "2005.11.24"]
[SourceVersion "1"]
[SourceVersionDate "2005.11.24"]
[SourceQuality "1"]

1. e4 c5 2. Nf3 d6 3. d4 cxd4 4. Nxd4 Nf6 5. Nc3 a6 6. Bc4 Nbd7 7. f4 Nc5 8. Qf3 e6 9. Bb3 Be7 10. Be3 0-0 11. g4 b5 12. Nc6 Qc7 13. Nxe7+ Qxe7 14. g5 Nfxe4 15. Bxc5 Nxc5 16. Qxa8 Bb7 17. Qa7 Qc7 18. Bd5 exd5 19. Nxd5 Re8+ 20. Kd2 Qc6 21. Nb4 Qg2+ 22. Kc3 Re3+ 23. Nd3 Rxd3+ 24. cxd3 Na4+ 25. Kb4 Qd2+ 0-1

[Event "POL-ch U18"]
[Site "Leba"]
[Date "2004.04.03"]
[Round "10"]
[White "Czuchnicki, Adam"]
[Black "Drzymala, Grzegorz"]
[Result "0-1"]
[WhiteElo "2050"]
[BlackElo "1931"]
[PlyCount "124"]
[EventDate "2004.03.27"]
[EventType "swiss"]
[EventRounds "11"]
[EventCountry "POL"]
[SourceTitle "EXT 2005"]
[Source "ChessBase"]
[SourceDate "2004.11.15"]
[SourceVersion "1"]
[SourceVersionDate "2004.11.15"]
[SourceQuality "1"]

1. e4 c5 2. c3 Nf6 3. e5 Nd5 4. d4 cxd4 5. Nf3 Nc6 6. cxd4 d6 7. Bc4 Nb6 8. Bb5 dxe5 9. Nxe5 Bd7 10. Bxc6 Bxc6 11. Nxc6 bxc6 12. 0-0 g6 13. Re1 e6 14. Bf4 Bg7 15. Be5 0-0 16. Qc2 Rc8 17. Nc3 Nd5 18. Ne4 Qb6 19. Nd6 Rcd8 20. a3 Rd7 21. b4 Rfd8 22. Nc4 Qa6 23. Reb1 Ne7 24. a4 Nf5 25. b5 cxb5 26. axb5 Qc8 27. Bxg7 Kxg7 28. d5 exd5 29. Qb2+ d4 30. Ne5 Rb7 31. Nc6 Rd6 32. Qe2 d3 33. Qd2 f6 34. Rc1 Qe6 35. Rxa7 Rxa7 36. Nxa7 Qe2 37. Rd1 Nd4 38. Nc8 Nb3 39. Qe1 Rd8 40. Nb6 Rb8 41. Nc4 Rxb5 42. Qxe2 dxe2 43. Re1 Rc5 44. Rxe2 Rxc4 45. h3 g5 46. Kh2 Kg6 47. f3 h5 48. Kg3 Nc5 49. Re7 Nd3 50. Re2 Rb4 51. Rd2 Rd4 52. Re2 Kf5 53. Rd2 h4+ 54. Kh2 Kf4 55. Re2 f5 56. Re8 Nb2 57. Re2 Nc4 58. Rc2 Ne3 59. Ra2 Nf1+ 60. Kg1 Rd1 61. Ra3 Kg3 62. f4+ Ne3# 0-1

[Event "POL-ch U18"]
[Site "Leba"]
[Date "2004.03.30"]
[Round "5"]
[White "Szromba, Krzysztof"]
[Black "Drzymala, Grzegorz"]
[Result "1/2-1/2"]
[WhiteElo "2220"]
[BlackElo "1931"]
[PlyCount "98"]
[EventDate "2004.03.27"]
[EventType "swiss"]
[EventRounds "11"]
[EventCountry "POL"]
[SourceTitle "EXT 2005"]
[Source "ChessBase"]
[SourceDate "2004.11.15"]
[SourceVersion "1"]
[SourceVersionDate "2004.11.15"]
[SourceQuality "1"]

1. d4 Nf6 2. c4 e6 3. Nc3 Bb4 4. Qc2 c5 5. dxc5 Na6 6. a3 Bxc3+ 7. Qxc3 Nxc5 8. Qc2 a5 9. Bf4 Qe7 10. Rd1 e5 11. Bg5 h6 12. Bxf6 Qxf6 13. g3 0-0 14. Bg2 d6 15. Qd2 Rd8 16. b4 axb4 17. axb4 Nb3 18. Qb2 Nd4 19. Nf3 Nc6 20. 0-0 Be6 21. Nd2 Ra4 22. b5 Nd4 23. e3 Nf5 24. Qb3 Ra5 25. Bxb7 Rb8 26. Bc6 Ne7 27. Qb4 Nxc6 28. Qxd6 Bh3 29. Qxf6 gxf6 30. bxc6 Bxf1 31. Kxf1 Rc5 32. Ne4 Rxc6 33. c5 f5 34. Rd6 Rb1+ 35. Kg2 Rxd6 36. Nxd6 f4 37. exf4 exf4 38. Kf3 Rc1 39. Kxf4 Rxc5 40. h4 Kg7 41. f3 Kg6 42. g4 h5 43. Kg3 f6 44. Kf4 Rd5 45. Nf5 Ra5 46. Ng3 Ra4+ 47. Ne4 hxg4 48. fxg4 Ra1 49. Ng3 Ra4+ 1/2-1/2

[Event "Krakow op-B"]
[Site "Krakow"]
[Date "2004.01.03"]
[Round "8"]
[White "Bernacki, Marcin"]
[Black "Drzymala, Grzegorz"]
[Result "1-0"]
[WhiteElo "2053"]
[BlackElo "1875"]
[PlyCount "63"]
[EventDate "2003.12.27"]
[EventType "swiss"]
[EventRounds "9"]
[EventCountry "POL"]
[SourceTitle "EXT 2006"]
[Source "ChessBase"]
[SourceDate "2005.11.24"]
[SourceVersion "1"]
[SourceVersionDate "2005.11.24"]
[SourceQuality "1"]

1. f4 d5 2. Nf3 Nf6 3. e3 g6 4. Be2 Bg7 5. 0-0 0-0 6. d3 c5 7. Qe1 Nc6 8. Qh4 e6 9. g4 Ne8 10. Qg3 b5 11. Nbd2 Nb4 12. Ne1 c4 13. d4 a5 14. c3 Nc6 15. e4 Qb6 16. exd5 exd5 17. Bf3 Nc7 18. Nc2 b4 19. Kh1 Re8 20. Bg2 Ne7 21. Nf3 bxc3 22. bxc3 h5 23. h3 hxg4 24. hxg4 Rb8 25. Ba3 Nb5 26. Bc5 Qc7 27. Ng5 Nd6 28. f5 Nb5 29. Qh4 gxf5 30. Qh7+ Kf8 31. Qh5 Be6 32. gxf5 1-0

[Event "POL-chT2 U18"]
[Site "Sielpa"]
[Date "2004.??.??"]
[Round "8"]
[White "Andrejczuk, Maciej"]
[Black "Drzymala, Grzegorz"]
[Result "0-1"]
[WhiteElo "2090"]
[BlackElo "1965"]
[PlyCount "90"]
[EventDate "2004.??.??"]
[EventType "team"]
[EventRounds "11"]
[EventCountry "POL"]
[SourceTitle "EXT 2007"]
[Source "ChessBase"]
[SourceDate "2006.11.23"]
[SourceVersion "1"]
[SourceVersionDate "2006.11.23"]
[SourceQuality "1"]

1. e4 c5 2. f4 e6 3. Nf3 d5 4. Bb5+ Nc6 5. Nc3 Nge7 6. Qe2 d4 7. Nb1 a6 8. Bxc6+ Nxc6 9. d3 Be7 10. 0-0 0-0 11. Nbd2 b5 12. e5 Nb4 13. Ne4 Bb7 14. Rf2 Rc8 15. a3 Nd5 16. g4 Re8 17. b3 Nc3 18. Nxc3 dxc3 19. Be3 Qd5 20. Raf1 a5 21. Qe1 Bh4 22. Qxc3 Bxf2+ 23. Rxf2 c4 24. bxc4 bxc4 25. d4 Rb8 26. Bd2 Ra8 27. Kg2 Reb8 28. Kg3 Bc6 29. Rf1 Rb5 30. h4 Rab8 31. Bc1 Rb1 32. h5 h6 33. g5 Kh7 34. Qd2 Ra1 35. gxh6 Rbb1 36. hxg7 Rxc1 37. Ng5+ Kxg7 38. h6+ Kg6 39. Rxc1 Rxc1 40. Qxc1 Qg2+ 41. Kh4 Kf5 42. Qd1 Qf2+ 43. Kh3 Bg2+ 44. Kh2 Bf1+ 45. Kh1 Qg2# 0-1

[Event "POL-chT2 U18"]
[Site "Sielpa"]
[Date "2004.??.??"]
[Round "4"]
[White "Czyz, Pawel"]
[Black "Drzymala, Grzegorz"]
[Result "1/2-1/2"]
[WhiteElo "1932"]
[BlackElo "1931"]
[PlyCount "52"]
[EventDate "2004.??.??"]
[EventType "team"]
[EventRounds "11"]
[EventCountry "POL"]
[SourceTitle "EXT 2007"]
[Source "ChessBase"]
[SourceDate "2006.11.23"]
[SourceVersion "1"]
[SourceVersionDate "2006.11.23"]
[SourceQuality "1"]

1. d4 Nf6 2. Nf3 e6 3. Bf4 d5 4. c3 Bd6 5. Bxd6 Qxd6 6. Ne5 0-0 7. e3 Nbd7 8. f4 c5 9. Bd3 Qb6 10. Qc2 c4 11. Be2 Ne4 12. Nd2 Nxd2 13. Nxd7 Bxd7 14. Qxd2 Qc7 15. 0-0 f6 16. Bf3 b5 17. e4 Bc6 18. e5 fxe5 19. fxe5 Qe7 20. Bg4 a5 21. Rxf8+ Rxf8 22. Rf1 Rxf1+ 23. Kxf1 Be8 24. a3 Bg6 25. g3 Bd3+ 26. Kg2 Be4+ 1/2-1/2

[Event "POL-chT2 U18"]
[Site "Sielpa"]
[Date "2004.??.??"]
[Round "7"]
[White "Drzymala, Grzegorz"]
[Black "Gumula, Daniel"]
[Result "0-1"]
[WhiteElo "1965"]
[BlackElo "2255"]
[PlyCount "58"]
[EventDate "2004.??.??"]
[EventType "team"]
[EventRounds "11"]
[EventCountry "POL"]
[SourceTitle "EXT 2007"]
[Source "ChessBase"]
[SourceDate "2006.11.23"]
[SourceVersion "1"]
[SourceVersionDate "2006.11.23"]
[SourceQuality "1"]

1. e4 e6 2. d4 d5 3. Nc3 Bb4 4. e5 c5 5. a3 Bxc3+ 6. bxc3 Qa5 7. Bd2 Qa4 8. Qg4 Kf8 9. Qd1 Nc6 10. Nf3 Nge7 11. Be3 Bd7 12. h4 Rc8 13. Bd3 cxd4 14. cxd4 Na5 15. Qb1 Nc4 16. Bc1 Bb5 17. g4 h5 18. Rg1 a6 19. Ng5 Na5 20. Nf3 Bxd3 21. cxd3 Nb3 22. Bg5 Nxa1 23. Bxe7+ Kxe7 24. Qxa1 Qc2 25. gxh5 Qc1+ 26. Qxc1 Rxc1+ 27. Kd2 Rxg1 28. Nxg1 Rxh5 29. Nf3 b5 0-1

[Event "POL-chT2 U18"]
[Site "Sielpa"]
[Date "2004.??.??"]
[Round "9"]
[White "Drzymala, Grzegorz"]
[Black "Sikorska, Agata"]
[Result "1-0"]
[WhiteElo "1965"]
[BlackElo "2035"]
[PlyCount "75"]
[EventDate "2004.??.??"]
[EventType "team"]
[EventRounds "11"]
[EventCountry "POL"]
[SourceTitle "EXT 2007"]
[Source "ChessBase"]
[SourceDate "2006.11.23"]
[SourceVersion "1"]
[SourceVersionDate "2006.11.23"]
[SourceQuality "1"]

1. e4 c5 2. Nf3 d6 3. d4 cxd4 4. Nxd4 Nf6 5. Nc3 a6 6. Bc4 e6 7. Bb3 Be7 8. 0-0 0-0 9. f4 Nc6 10. Be3 Qc7 11. Qf3 Nxd4 12. Bxd4 b5 13. e5 Bb7 14. Qg3 Ne8 15. f5 dxe5 16. Bxe5 Qb6+ 17. Kh1 exf5 18. Rxf5 Qg6 19. Raf1 Qxg3 20. Bxg3 Bf6 21. Nd5 Rd8 22. c3 Kh8 23. Nxf6 Nxf6 24. Bh4 Rd2 25. R1f2 Rxf2 26. Rxf2 Re8 27. Rxf6 gxf6 28. Bxf7 Rg8 29. Bxf6+ Rg7 30. Bxg7+ Kxg7 31. Bh5 Bd5 32. b3 Kf6 33. Kg1 Ke5 34. Kf2 Be4 35. Bf3 Bb1 36. a3 a5 37. Be2 Ba2 38. b4 1-0

[Event "POL-chT2 U18"]
[Site "Sielpa"]
[Date "2004.??.??"]
[Round "3"]
[White "Drzymala, Grzegorz"]
[Black "Stuczynski, Andrzej"]
[Result "0-1"]
[WhiteElo "1965"]
[BlackElo "2120"]
[PlyCount "68"]
[EventDate "2004.??.??"]
[EventType "team"]
[EventRounds "11"]
[EventCountry "POL"]
[SourceTitle "EXT 2007"]
[Source "ChessBase"]
[SourceDate "2006.11.23"]
[SourceVersion "1"]
[SourceVersionDate "2006.11.23"]
[SourceQuality "1"]

1. e4 e5 2. Nf3 Nf6 3. Nxe5 d6 4. Nf3 Nxe4 5. d4 d5 6. Bd3 Be7 7. 0-0 Nc6 8. c4 Nb4 9. Be2 Be6 10. c5 Nc6 11. Nc3 0-0 12. Be3 a6 13. Bd3 f5 14. Ne2 Bf7 15. Bxe4 dxe4 16. Ne5 Nxe5 17. dxe5 Bc4 18. Qc2 Qd3 19. Rfc1 Qxc2 20. Rxc2 Bd3 21. Rd2 Bxe2 22. Rxe2 Kf7 23. f4 Ke6 24. Kf1 Rad8 25. Ke1 Rd3 26. Rc1 Rfd8 27. b3 g5 28. fxg5 Rxe3 29. Rxe3 Bxg5 30. Rcc3 Bxe3 31. Rxe3 Kxe5 32. Rh3 Rd7 33. Ke2 Rg7 34. Kf2 Kd4 0-1

[Event "POL-chT2 U18"]
[Site "Sielpa"]
[Date "2004.??.??"]
[Round "6"]
[White "Gola, Karol"]
[Black "Drzymala, Grzegorz"]
[Result "1/2-1/2"]
[WhiteElo "1972"]
[BlackElo "1931"]
[PlyCount "78"]
[EventDate "2004.??.??"]
[EventType "team"]
[EventRounds "11"]
[EventCountry "POL"]
[SourceTitle "EXT 2007"]
[Source "ChessBase"]
[SourceDate "2006.11.23"]
[SourceVersion "1"]
[SourceVersionDate "2006.11.23"]
[SourceQuality "1"]

1. e4 c5 2. Nc3 Nc6 3. g3 g6 4. Bg2 Bg7 5. d3 d6 6. Be3 e6 7. Nge2 Nd4 8. Qd2 Ne7 9. Nd1 0-0 10. 0-0 Rb8 11. f4 b5 12. g4 f5 13. gxf5 exf5 14. Ng3 Bb7 15. c3 Ne6 16. Nf2 d5 17. exf5 Nxf5 18. Nxf5 gxf5 19. d4 c4 20. Nh3 h6 21. Bf2 Qf6 22. Kh1 Kh7 23. Ng1 Rg8 24. Nf3 Rbe8 25. Ne5 Qf8 26. Rae1 Nc7 27. Qc2 Bxe5 28. fxe5 Kh8 29. Be3 Qg7 30. Rxf5 Re6 31. Ref1 Rg6 32. Bh3 Qh7 33. Rf7 Rg1+ 34. Rxg1 Qxc2 35. Rxc7 Qe4+ 36. Bg2 Qxe3 37. Rxb7 Qe2 38. Rxb5 Rxg2 39. Rxg2 Qf1+ 1/2-1/2